000 01655nam1a2200361 i 4500
001 RU\NLR\bibl\1253093
005 20260406062849.0
010 _a978-5-94853-907-2
035 _a(NLR Aleph) 001239159
090 _a247670
_c247670
100 _a20080716d2008 e y0rusy50 ca
101 0 _arus
102 _aRU
105 _a||||z |||||
200 1 _aПраво
_eосновы правовой культуры
_eучебник для 10 класса общеобразовательных учреждений. Базовый и профильный уровни
_eв 2 ч.
_fЕ. А. Певцова
205 _a5-е изд., испр.
210 _aМосква
_cРусское слово
_cМосковские учебники
_d2008
215 _d22
300 _aНа 4-й с. обл. авт.: Певцова Е. А. - д. ю. н., д. п. н., проф.
463 0 _10011222830
463 0 _10011222825
606 1 _aПраво
_jУчебники для средней школы
_xТеория
_91132203
_3RU\NLR\auth\66130636
606 1 _aГосударство
_jУчебники для средней школы
_xТеория
_92073063
_3RU\NLR\auth\661247934
606 1 _aПраво
_jУчебники для средней школы
_yРоссийская Федерация
_92070216
_3RU\NLR\auth\661244932
686 _aХ0я72
686 _aХ62я72
700 1 _4070
_8rus
_7ca
_aПевцова
_bЕ. А.
_gЕлена Александровна
_3RU\NLR\auth\7721640
_94701
801 0 _aRU
_bNLR
_c20080716
_gRCR
801 1 _aRU
_bNLR
_c20080716
852 _aNLR
_j2008-5/3748
942 _cBOOK